<?xml version="1.0" encoding="UTF-8"?>
<record
    xmlns:xsi="http://www.w3.org/2001/XMLSchema-instance"
    xsi:schemaLocation="http://www.loc.gov/MARC21/slim http://www.loc.gov/standards/marcxml/schema/MARC21slim.xsd"
    xmlns="http://www.loc.gov/MARC21/slim">

  <leader>00698cam a22002177a 4500</leader>
  <datafield tag="999" ind1=" " ind2=" ">
    <subfield code="c">329679</subfield>
    <subfield code="d">329679</subfield>
  </datafield>
  <controlfield tag="001">986833</controlfield>
  <controlfield tag="003">NUST</controlfield>
  <controlfield tag="005">20170614102921.0</controlfield>
  <controlfield tag="008">940308s1985    pk            000 0 snd  </controlfield>
  <datafield tag="010" ind1=" " ind2=" ">
    <subfield code="a">   85931075 </subfield>
  </datafield>
  <datafield tag="040" ind1=" " ind2=" ">
    <subfield code="a">DLC</subfield>
    <subfield code="c">DLC</subfield>
    <subfield code="d">DLC</subfield>
  </datafield>
  <datafield tag="050" ind1="0" ind2="0">
    <subfield code="a">MLCSA 92/02696 (P)</subfield>
  </datafield>
  <datafield tag="082" ind1=" " ind2=" ">
    <subfield code="a">891.4393</subfield>
    <subfield code="b">DIP</subfield>
  </datafield>
  <datafield tag="100" ind1="1" ind2=" ">
    <subfield code="a">D&#x324;&#x12B;pl&#x101;&#x2BE;&#x12B;, Mu&#x1E25;ammadu &#x2BB;Us&#x332;m&#x101;nu,</subfield>
    <subfield code="d">1908-1981.</subfield>
    <subfield code="9">1006</subfield>
  </datafield>
  <datafield tag="245" ind1="1" ind2="0">
    <subfield code="a">S&#x101;ngha&#x1E5B; :</subfield>
    <subfield code="b">n&#x101;vil /</subfield>
    <subfield code="c">Mu&#x1E25;ammadu Us&#x332;m&#x101;nu D&#x324;&#x12B;pl&#x101;&#x2BE;&#x12B;.</subfield>
  </datafield>
  <datafield tag="250" ind1=" " ind2=" ">
    <subfield code="a">Ch&#x101;po 2.</subfield>
  </datafield>
  <datafield tag="260" ind1=" " ind2=" ">
    <subfield code="a">&#x1E24;aidar&#x101;b&#x101;d :</subfield>
    <subfield code="b">&#x100;gam Pablishing Ejans&#x12B;,</subfield>
    <subfield code="c">1985.</subfield>
  </datafield>
  <datafield tag="300" ind1=" " ind2=" ">
    <subfield code="a">272 p. :</subfield>
    <subfield code="c">21 cm.</subfield>
  </datafield>
  <datafield tag="500" ind1=" " ind2=" ">
    <subfield code="a">In Urdu.</subfield>
  </datafield>
  <datafield tag="650" ind1=" " ind2=" ">
    <subfield code="a">Urdu Literature</subfield>
    <subfield code="9">347</subfield>
  </datafield>
  <datafield tag="880" ind1=" " ind2=" ">
    <subfield code="6">100-01\(3\r</subfield>
    <subfield code="a">&#x645;&#x62D;&#x645;&#x62F; &#x639;&#x62B;&#x645;&#x627;&#x646; &#x688;&#x6CC;&#x67E;&#x644;&#x627;&#x6CC;&#x657;</subfield>
  </datafield>
  <datafield tag="880" ind1=" " ind2=" ">
    <subfield code="6">245-02\(3\r</subfield>
    <subfield code="a">(&#x633;&#x627;&#x646;&#x6AF;&#x6BE;&#x691; (&#x646;&#x627;&#x648;&#x644;</subfield>
    <subfield code="c">&#x645;&#x62D;&#x645;&#x62F; &#x639;&#x62B;&#x645;&#x627;&#x646; &#x688;&#x6CC;&#x67E;&#x644;&#x627;&#x6CC;&#x657;&#x60C; &#x62A;&#x631;&#x62C;&#x645;&#x6C1; &#x62B;&#x631;&#x6CC;&#x627; &#x633;&#x648;&#x632;&#x688;&#x6CC;&#x67E;&#x644;&#x627;&#x6CC;&#x657;</subfield>
  </datafield>
  <datafield tag="880" ind1=" " ind2=" ">
    <subfield code="6">260-03\(3\r</subfield>
    <subfield code="a">&#x644;&#x627;&#x6C1;&#x648;&#x631;:</subfield>
    <subfield code="b">&#x641;&#x6A9;&#x634;&#x646; &#x6C1;&#x627;&#x648;&#x633;&#x60C;</subfield>
    <subfield code="c">2002</subfield>
  </datafield>
  <datafield tag="906" ind1=" " ind2=" ">
    <subfield code="a">7</subfield>
    <subfield code="b">cbc</subfield>
    <subfield code="c">orignew</subfield>
    <subfield code="d">u</subfield>
    <subfield code="e">ncip</subfield>
    <subfield code="f">19</subfield>
    <subfield code="g">y-gencatlg</subfield>
  </datafield>
  <datafield tag="942" ind1=" " ind2=" ">
    <subfield code="2">ddc</subfield>
    <subfield code="c">BK</subfield>
  </datafield>
  <datafield tag="952" ind1=" " ind2=" ">
    <subfield code="0">0</subfield>
    <subfield code="1">0</subfield>
    <subfield code="2">ddc</subfield>
    <subfield code="4">0</subfield>
    <subfield code="7">0</subfield>
    <subfield code="a">CL</subfield>
    <subfield code="b">CL</subfield>
    <subfield code="c">FIC</subfield>
    <subfield code="d">2017-05-18</subfield>
    <subfield code="l">0</subfield>
    <subfield code="o">891.4393 DIP</subfield>
    <subfield code="p">CL1926</subfield>
    <subfield code="r">2017-05-18</subfield>
    <subfield code="t">1</subfield>
    <subfield code="w">2017-05-18</subfield>
    <subfield code="y">BK</subfield>
  </datafield>
</record>
